00427 2200181 4500001002100000008004100021035002000062245003400082100001400116260001800130300002200148084001600170082001000186650001900196990001000215990001000225990001000235INLIS000000000000869 ind  a0010-0817000869 a10 Prinsip Spritual Parenting aDoe, Mimi aBandungc2001 c328 hlm.; 23,5 cm a155.4 DOE s a155.4 aPSIKOLOGI ANAK a22821 a22822 a22823